Celebrity Early Head Shots IV Quiz Stats

 Plays Quiz Updated Aug 20, 2019

Score 0/8 Timer 01:00
6 Plays Today
% Correct
Emma Watson
97.3%
Drew Barrymore
96.9%
Ben Stiller
95.7%
Alec Baldwin
93.2%
Sean Hayes
92.5%
Reba McEntire
90%
Laverne Cox
81.6%
Yvette Nicole Brown
76.9%

You're not logged in!

Compare scores with friends on all Sporcle quizzes.
OR
Log In

Sporcle TV

Today on Sporcle TV


Watch our educational content, quiz creation guides, and fun videos on Sporcle TV.

Show Comments

Extras

Top Quizzes Today


Score Distribution

Your Account Isn't Verified!

In order to create a playlist on Sporcle, you need to verify the email address you used during registration. Go to your Sporcle Settings to finish the process.

Report this User

Report this user for behavior that violates our Community Guidelines.

Details: